<?xml version="1.0" encoding="UTF-8"?>
<record
    xmlns:xsi="http://www.w3.org/2001/XMLSchema-instance"
    xsi:schemaLocation="http://www.loc.gov/MARC21/slim http://www.loc.gov/standards/marcxml/schema/MARC21slim.xsd"
    xmlns="http://www.loc.gov/MARC21/slim">

  <leader>01510nam a22003137a 4500</leader>
  <datafield tag="999" ind1=" " ind2=" ">
    <subfield code="c">23417</subfield>
    <subfield code="d">23417</subfield>
  </datafield>
  <controlfield tag="003">AR-CdUCM</controlfield>
  <controlfield tag="008">251217b2021    pe ||||| |||| 00| 0 spa d</controlfield>
  <datafield tag="040" ind1=" " ind2=" ">
    <subfield code="a">MUNICIPALIDAD PROVINCIAL DEL CUSCO</subfield>
    <subfield code="c">BIBLIOTECA MUNICIPAL DEL CUSCO</subfield>
  </datafield>
  <datafield tag="082" ind1=" " ind2=" ">
    <subfield code="a">333.92 /</subfield>
    <subfield code="b">G55</subfield>
  </datafield>
  <datafield tag="100" ind1=" " ind2=" ">
    <subfield code="a">Gobierno Regional Cusco.</subfield>
  </datafield>
  <datafield tag="245" ind1=" " ind2=" ">
    <subfield code="a">Plan de Investigaci&#xF3;n &#xE1;rea de Influencia /</subfield>
    <subfield code="b">&#xC1;rea de Conservaci&#xF3;n Regional  Choquequirao.</subfield>
  </datafield>
  <datafield tag="260" ind1=" " ind2=" ">
    <subfield code="a">Cusco </subfield>
    <subfield code="b">Gobierno Regional Cusco.</subfield>
    <subfield code="c">2021</subfield>
  </datafield>
  <datafield tag="300" ind1=" " ind2=" ">
    <subfield code="a">167 p&#xE1;ginas. :</subfield>
    <subfield code="c">21 x 28 cm.</subfield>
  </datafield>
  <datafield tag="500" ind1=" " ind2=" ">
    <subfield code="z">P&#xE1;ginas 135 al 143.</subfield>
  </datafield>
  <datafield tag="505" ind1=" " ind2=" ">
    <subfield code="a">Aspectos Generales -- Alcances y Objetivos -- Ubicaci&#xF3;n -- El clima y el entorno natural -- Metodolog&#xED;a -- Prioridades de Investigaci&#xF3;n -- Ponderaci&#xF3;n ante  la necesidad de informaci&#xF3;n -- Herramientas para la toma de decisiones -- Actores clave para la investigaci&#xF3;n -- Lineamientos para el plan de investigaci&#xF3;n -- Promoci&#xF3;n de la Investigaci&#xF3;n en el ACR -- Limitaciones para la implementaci&#xF3;n del plan -- Financiamientos.... </subfield>
  </datafield>
  <datafield tag="650" ind1=" " ind2=" ">
    <subfield code="a">Normatividad vigente</subfield>
    <subfield code="9">51734</subfield>
  </datafield>
  <datafield tag="650" ind1=" " ind2=" ">
    <subfield code="a">Decreto supremo</subfield>
    <subfield code="9">51735</subfield>
  </datafield>
  <datafield tag="650" ind1=" " ind2=" ">
    <subfield code="a">Objetivos Espec&#xED;ficos </subfield>
    <subfield code="9">9065</subfield>
  </datafield>
  <datafield tag="650" ind1=" " ind2=" ">
    <subfield code="a">Ubicaci&#xF3;n Geopol&#xED;tica</subfield>
    <subfield code="9">51736</subfield>
  </datafield>
  <datafield tag="650" ind1=" " ind2=" ">
    <subfield code="a">Sectores </subfield>
    <subfield code="9">51737</subfield>
  </datafield>
  <datafield tag="650" ind1=" " ind2=" ">
    <subfield code="a">Linea Base</subfield>
    <subfield code="9">51738</subfield>
  </datafield>
  <datafield tag="650" ind1=" " ind2=" ">
    <subfield code="a">Determinaci&#xF3;n taxon&#xF3;mica</subfield>
    <subfield code="9">51739</subfield>
  </datafield>
  <datafield tag="650" ind1=" " ind2=" ">
    <subfield code="a">Componente F&#xED;sico, Biol&#xF3;gico</subfield>
    <subfield code="9">51740</subfield>
  </datafield>
  <datafield tag="650" ind1=" " ind2=" ">
    <subfield code="a">Orden de Investigaci&#xF3;n</subfield>
    <subfield code="9">51741</subfield>
  </datafield>
  <datafield tag="650" ind1=" " ind2=" ">
    <subfield code="a">Decisiones Intuitivas</subfield>
    <subfield code="9">51742</subfield>
  </datafield>
  <datafield tag="942" ind1=" " ind2=" ">
    <subfield code="2">ddc</subfield>
    <subfield code="c">LIBROS</subfield>
  </datafield>
  <datafield tag="945" ind1=" " ind2=" ">
    <subfield code="a">jmcs</subfield>
    <subfield code="d">17/12/2025</subfield>
  </datafield>
  <datafield tag="952" ind1=" " ind2=" ">
    <subfield code="0">0</subfield>
    <subfield code="2">ddc</subfield>
    <subfield code="4">0</subfield>
    <subfield code="7">0</subfield>
    <subfield code="a">SH</subfield>
    <subfield code="b">SH</subfield>
    <subfield code="c">CART</subfield>
    <subfield code="d">2025-12-17</subfield>
    <subfield code="e">Donaci&#xF3;n</subfield>
    <subfield code="g">30.00</subfield>
    <subfield code="o">333.92 / G55</subfield>
    <subfield code="p">SH0000017029</subfield>
    <subfield code="r">2025-12-17</subfield>
    <subfield code="y">LIBROS</subfield>
  </datafield>
</record>
